الادب المفرد یعنی آداب المعاشرت (Record no. 554150)
[ view plain ]
| 000 -LEADER | |
|---|---|
| fixed length control field | 00401nam a22001097a 4500 |
| 082 ## - DEWEY DECIMAL CLASSIFICATION NUMBER | |
| Classification number | 297.61 |
| Author Mark | ABU |
| -- | Masjid Library |
| 100 ## - MAIN ENTRY--PERSONAL NAME | |
| Personal name | محمد بن اسماعیل البخاری |
| 9 (RLIN) | 51472 |
| 245 ## - TITLE STATEMENT | |
| Title | الادب المفرد یعنی آداب المعاشرت |
| Statement of responsibility, etc. | محمد بن اسماعیل البخاری |
| 260 ## - PUBLICATION, DISTRIBUTION, ETC. | |
| Place of publication, distribution, etc. | Karachi;. |
| Name of publisher, distributor, etc. | Darul Ashaat |
| 526 ## - STUDY PROGRAM INFORMATION NOTE | |
| Program name | 0 |
| Interest level | 0 |
| Reading level | 0 |
| Title point value | 297_610000000000000_ABU |
| 942 ## - ADDED ENTRY ELEMENTS (KOHA) | |
| Source of classification or shelving scheme | |
| Koha item type | Book |
| Withdrawn status | Lost status | Source of classification or shelving scheme | Damaged status | Not for loan | Permanent Location | Current Location | Date acquired | Total Checkouts | Full call number | Barcode | Date last seen | Date last checked out | Price effective from | Koha item type |
|---|---|---|---|---|---|---|---|---|---|---|---|---|---|---|
| Military College of Engineering (MCE) | Military College of Engineering (MCE) | 10/16/2018 | 1 | 297.61 ABU | MCE-M203 | 10/16/2018 | 10/16/2018 | 10/16/2018 | Book |
